000 00408nam a2200169Ia 4500
008 131103s9999 xx 000 0 und d
040 _aLoreto College
041 _aEnglish
082 _a891.431/SUR-VAJ
100 _aVajpaye,Nanddulare
245 _aMahakabi Suras
260 _aNew Delhi
_bRajkamal
_c1995
300 _a198p
650 _aHindi poet
850 _aLCLIB/891.431/SUR-VAJ
942 _cBK
999 _c19792
_d70271